| 000 | 00348nam a2200109Ia 4500 | ||
|---|---|---|---|
| 008 | 201217s9999 xx 000 0 und d | ||
| 100 | _aNair, M. R. R. and Rao, T. V. (ed.) | ||
| 245 | 0 | _aExcellence Through Human Resource Development : Improving Productivity and Competitiveness | |
| 260 |
_aNew Delhi _bTata McGraw-Hill |
||
| 300 | _a147 | ||
| 942 | _cBK | ||
| 999 |
_c8025 _d8025 |
||